| 000 | 01407naa a22002297i 4500 | ||
|---|---|---|---|
| 001 | 8483 | ||
| 003 | KOSZ 005 | ||
| 005 | 20180424145232.0 | ||
| 008 | 170619s2004 pl ||||f |||| 10| 0 pol d | ||
| 040 |
_cKOSZ 005/irw _dKOSZ 005/HR _dKOSZ 005/ac |
||
| 044 | _apol | ||
| 100 | 1 |
_aKACALAK, Wojciech. _d1996 - . _bPolitechnika Koszalińska - Wydział Mechaniczny, _cKatedra Mechaniki Precyzyjnej |
|
| 245 | 1 | 0 |
_aPortal edukacyjny Politechniki Koszalińskiej / _cWojciech Kacalak, Tomasz Królikowski, Andrzej Serbiński, Błażej Bałasz, Maciej Majewski. |
| 655 | 0 | _aMateriały konferencyjne. | |
| 700 | 1 |
_aKRÓLIKOWSKI, Tomasz. _d1997 - . _bPolitechnika Koszalińska - Wydział Mechaniczny, _cKatedra Mechaniki Precyzyjnej |
|
| 700 | 1 |
_aSERBIŃSKI, Andrzej. _bPolitechnika Koszalińska - Prorektor ds. Nauki, _cCentrum Komputerowe |
|
| 700 | 1 |
_aBAŁASZ, Błażej. _bPolitechnika Koszalińska - Wydział Mechaniczny, _cKatedra Mechaniki Precyzyjnej _d1996 - . |
|
| 700 | 1 |
_aMAJEWSKI, Maciej. _bPolitechnika Koszalińska - Wydział Mechaniczny, _cKatedra Mechaniki Precyzyjnej _d2005 - . |
|
| 711 | 2 | 2 |
_a"Uniwersytet Wirtualny” : Konferencja i Warsztaty Politechniki Warszawskiej _n(4 ; _d2004 ; _cWarszawa, Polska). |
| 773 | 0 |
_iW : _t"Uniwersytet Wirtualny” : IV Konferencja i Warsztaty Politechniki Warszawskiej. - _dWarszawa : Politechnika Warszawska, 2004 |
|
| 942 |
_cROZ _2UKD |
||
| 999 |
_c8483 _d8483 |
||